000
00314 a2200145 4500
001
167041
020
_a
040
_c
Magnum
100
_a
Kourganoff, Wladimir
240
1
0
_a
A face oculta da universidade
_l
por
245
1
0
_a
A face oculta da universidade
362
0
_a
1899
697
_a
ENSINO
942
_c
BK
999
_c
167041
_d
167041